| 000 | 00499nam a2200193Ia 4500 | ||
|---|---|---|---|
| 999 |
_c15156 _d15156 |
||
| 003 | OSt | ||
| 005 | 20191014104845.0 | ||
| 008 | 190216s9999||||xx |||||||||||||| ||und|| | ||
| 020 | _a9780670091782 | ||
| 040 | _coclc | ||
| 082 |
_a869.342 _bCOE/H |
||
| 100 | 1 | _aCoelho,Paulo | |
| 245 | 0 |
_aHippie/ _cPaulo Coelho |
|
| 260 |
_bPenguin Books _c2018 |
||
| 300 | _a284p | ||
| 650 | _aFiction English | ||
| 700 | 1 | _aBecker,Eric MB | |
| 942 |
_cBK _2ddc _h869.342 _iCOE/H _kCOE/ _mH |
||